000 01398nam a2200349 u 4500
001 000032848
003 DO-SdBNP
005 20210420100815.0
007 000032848
008 100813s1971 dr 000 0 spa d
040 _aBPMSU
_bspa
_cBPMSU
082 4 _a320.531
_bJ61a
100 1 _aJimenes Grullón, Juan Isidro,
_d1903-1983
245 1 3 _aLa América Latina y la revolución socialista :
_banálisis de la tesis "Dictadura con respaldo popular" y sus ampliaciones, de Juan Bosch /
_cJuan Isidro Jimenes Grullón.
260 _aSanto Domingo :
_bCultural Dominicana,
_c1971.
300 _av. ;
_c21 cm.
500 _aLa biblioteca posee el v.1.
504 _aIncluye bibliografía y notas al pie de páginas.
590 _aPerteneció a la biblioteca personal de Juan Isidro Jimenes–Grullón
600 1 4 _aBosch, Juan
_d1909-2001
_xCrítica e interpretación
_tDictadura con respaldo popular
650 4 _aSocialismo en América Latina
650 4 _aOligarquia
650 4 _aClases sociales
_zAmerica Latina
651 4 _aAmérica Latina
_xPolítica y gobierno
910 _aValidado. Control de calidad EMS
942 _2ddc
_cBK
945 _aInventariado / 2018 VM
956 _aBTAVAREZ
_b10
_c20110727
_lBND01
_h1453
956 _aARIVERA
_b10
_c20111215
_lBND01
_h1131
956 _aEMARRERO
_b40
_c20141207
_lBND01
_h2232
956 _aVMATEO
_b10
_c20150727
_lBPMSU
_h00151
999 _c8017
_d8017